Central Library OPAC University of Rajshahi

Linear network theory / (Record no. 13045)

MARC details
000 -LEADER
fixed length control field 00990cam a22002891 4500
001 - CONTROL NUMBER
control field 13045
003 - CONTROL NUMBER IDENTIFIER
rucl marc code BD-RjUL
005 - DATE AND TIME OF LATEST TRANSACTION
control field 20211208235409.0
008 - FIXED-LENGTH DATA ELEMENTS--GENERAL INFORMATION
fixed length control field 140130s1965 enka b 001 0 eng
035 ## - SYSTEM CONTROL NUMBER
System control number (BD-RjUL)13095
System control number (OCoLC)3326134
040 ## - CATALOGING SOURCE
Original cataloging agency DLC
Transcribing agency TxCM
Modifying agency OCoLC
-- Uk
-- DLC
-- BD-RjUL
Language of cataloging eng
041 1# - LANGUAGE CODE
Language code of text/sound track or separate title eng
Language code of original rus
082 ## - DEWEY DECIMAL CLASSIFICATION NUMBER
Classification number 621.3192
Author mark and year ATL 1965
100 1# - MAIN ENTRY--PERSONAL NAME
Personal name Atabekov, G. I.
9 (RLIN) 40649
245 10 - TITLE STATEMENT
Title Linear network theory /
Statement of responsibility, etc. by G.I. Atabekov. Translated from the Russian by John Yeoman. Translation edited by P.K. M'Pherson.
250 ## - EDITION STATEMENT
Edition statement 1st ed.
260 ## - PUBLICATION, DISTRIBUTION, ETC. (IMPRINT)
Place of publication, distribution, etc. Oxford ;
-- New York :
Name of publisher, distributor, etc. Pergamon Press,
Date of publication, distribution, etc. c1965.
300 ## - PHYSICAL DESCRIPTION
Pagination xv, 628 p. :
Illustrations illus. ;
Size 24 cm.
500 ## - GENERAL NOTE
General note Translation of [Teorii︠a︡ lineĭnykh ėlektricheskikh t︠s︡epeĭ]
504 ## - BIBLIOGRAPHY, ETC. NOTE
Bibliography, etc Includes bibliography (p. 621-624) and index.
650 #0 - SUBJECT ADDED ENTRY--TOPICAL TERM
Topical term or geographic name as entry element Electric networks.
9 (RLIN) 38743
Topical term or geographic name as entry element Electric circuits.
9 (RLIN) 40650
942 ## - ADDED ENTRY ELEMENTS (KOHA)
Source of classification or shelving scheme Dewey Decimal Classification
Koha item type Books
Holdings
Lost status Source of classification or shelving scheme Damaged status Not for loan Collection code Permanent Location Current Location Shelving location Date acquired Source of acquisition Cost, normal purchase price Total Checkouts Full call number Date last seen Copy number Koha item type
  Dewey Decimal Classification     Non-fiction Central Library, University of Rajshahi Central Library, University of Rajshahi   02/10/1970 Sweets and Zeitlinger. 104.00   621.3192 ATL 1965 30/01/2014 C-2 Books
  Dewey Decimal Classification   Not For Loan Non-fiction Central Library, University of Rajshahi Central Library, University of Rajshahi Reading Room 02/10/1970 Sweets & Zuitlinger     621.3192 ATL 1965 04/06/2017 C-1 Books